00581nam a2200205Ia 4500008004100000020001800041082001000059100001800069245001900087250000600106260003100112300000800143600001800151630001900169700001800188730001900206942000900225999001900234952012200253090124s9999 xx 000 0 und d a81-7058-416-7 b44416 aAUROBINDO SRI aBANDE MATARAM  a4 bSRI AUROBINDO ASHRAMc1995 a917 aAUROBINDO SRI aBANDE MATARAM  aAUROBINDO SRI aBANDE MATARAM  cBOOK c110629d110629 00104070aTHNNWMbTHNNWMd0000-00-00g175.00l0o44416pTHNNWM-44416r2009-01-24 00:00:00v175.00w2009-01-24yBOOK